000 00366nam a22001217a 4500
082 _a200 THE
100 _aSajjad Hussain
_924632
245 _aTH-SOF-1513-Optimal Design for Long Endurance Mini UAV
260 _aIslamabad
_bNUST College of EME
_c2018
650 _a MS-ELECT-83 MSTHESIS
_969727
700 _aSupervisor Dr. Fahad Mumtaz Malik
_969728
942 _cCF
999 _c576878
_d576878